000 00468nam a2200145Ia 4500
008 100122s9999 xx 000 0 und d
082 _b17373
_a922.945
100 _aकरंदीकर ज गं
245 _aआद्य शंकराचार्य
260 _bसरोज प्रकाशन
_c1970
300 _a103
630 _aआद्य शंकराचार्य
730 _aआद्य शंकराचार्य
942 _cBOOK
999 _c407130
_d407127